Como fueron descubiertos los elementos químicos

Bibliographic Details
Main Authors: Trifonov, D.N, Trifonov, V.D.
Format: Section = Libro
Language:Undetermined
Spanish
Published: Moscú Mir Moscú 1984
Subjects:
LEADER 00465nam a2200181Ia 4500
008 240829s9999 xx 000 0 und d
040 |a BIBLIOTECA-RUSB/ 540 T819 
041 |a spa 
082 |a 540 T819 
100 1 |a Trifonov, D.N  
100 1 |b  Trifonov, V.D. 
245 1 0 |a Como fueron descubiertos los elementos químicos 
260 |a Moscú  |b Mir Moscú  |c 1984 
300 |a 295 p. :il. 
650 7 |a QUIMICA GENERAL 
942 |c BK  |2 ddc 
991 |a TEXTO 
999 |c 2325